[Event "Windsor NAYCC U12"]
[Site "Windsor"]
[Date "2016.08.10"]
[Round "7.99"]
[White "Thirumalai, Atul"]
[Black "Tsay, Vincent"]
[Result "0-1"]
[WhiteElo "1543"]
[BlackElo "1789"]
[PlyCount "52"]
[EventDate "2016.08.07"]
[EventType "swiss"]
[EventRounds "9"]
[EventCountry "CAN"]
[SourceTitle "EXT 2022"]
[Source "ChessBase"]
[SourceDate "2021.10.06"]
[SourceVersion "1"]
[SourceVersionDate "2021.10.06"]
[SourceQuality "1"]

1. e4 e6 2. d4 d5 3. exd5 exd5 4. Nf3 Bd6 5. Be3 Ne7 6. Be2 0-0 7. 0-0 Re8 8. Re1 h6 9. h3 Nd7 10. Qd2 Nf5 11. Bd3 Nf6 12. Bxf5 Bxf5 13. Qd1 Qd7 14. Nbd2 Re7 15. c3 Rae8 16. Qb3 c6 17. Nh4 Bxh3 18. gxh3 Qxh3 19. Nhf3 Ng4 20. Rec1 Rxe3 21. Nf1 Rxf3 22. Rc2 Bh2+ 23. Kh1 Bg3+ 24. Kg1 Bxf2+ 25. Rxf2 Rxf2 26. Ne3 Qh2# 0-1